[Event "Bodensee Cup 2017"]
[Site "Kreuzlingen"]
[Date "2017.05.06"]
[Round "2.5"]
[White "Georgescu, Lena"]
[Black "Krebs, Samuel"]
[Result "1-0"]
[WhiteElo "2281"]
[BlackElo "2034"]
[PlyCount "97"]
[EventDate "2017.05.??"]
[EventType "team"]
[EventRounds "3"]
[EventCountry "SUI"]
[WhiteTeam "Schweiz 2"]
[BlackTeam "Bodan+ 2"]

1. e4 e5 2. Bc4 Nf6 3. d3 Bc5 4. Nc3 Nc6 5. f4 d6 6. Nf3 Be6 7. Bb5 Bd7 8. Na4
Nd4 9. Bxd7+ Nxd7 10. Nxc5 Nxf3+ 11. Qxf3 Nxc5 12. O-O Qe7 13. Be3 exf4 14.
Qxf4 O-O 15. Qg4 Qe6 16. Qh5 Qg6 17. Qh3 Rae8 18. Rf5 Ne6 19. Raf1 f6 20. Qf3
Nd8 21. h4 Re5 22. Rf4 Qe8 23. Bd4 Re7 24. Bc3 Rff7 25. Rf5 Nc6 26. h5 Ne5 27.
Qg3 Re6 28. h6 g6 29. R5f4 Qf8 30. Qh3 Re8 31. a4 Qe7 32. Qe3 b6 33. a5 Qf8 34.
Qh3 Qe7 35. axb6 axb6 36. Ra1 c5 37. Rff1 Qb7 38. Qh4 Ref8 39. b4 Qc6 40. Ra2
d5 41. Bxe5 fxe5 42. Rxf7 Rxf7 43. b5 Qe8 44. exd5 Qf8 45. Ra1 Rf4 46. Qh3 Rf5
47. c4 Rh5 48. Qe6+ Kh8 49. Ra8 1-0

[Event "Bodensee Cup 2017"]
[Site "Kreuzlingen"]
[Date "2017.05.06"]
[Round "2.1"]
[White "Kuehn, Peter"]
[Black "Braeuning, Rudolf"]
[Result "1/2-1/2"]
[WhiteElo "2358"]
[BlackElo "2338"]
[PlyCount "36"]
[EventDate "2017.05.??"]
[EventType "team"]
[EventRounds "3"]
[EventCountry "SUI"]
[WhiteTeam "Bodan+ 1"]
[BlackTeam "Württemberg 2"]

1. d4 Nf6 2. Nf3 d5 3. c3 Bf5 4. Qb3 Qc8 5. Bg5 Nbd7 6. e3 e6 7. c4 c6 8. Nc3
Bd6 9. Rc1 O-O 10. Be2 Qb8 11. Bh4 a6 12. Bg3 dxc4 13. Bxc4 b5 14. Be2 c5 15.
O-O c4 16. Qd1 Bxg3 17. hxg3 Rd8 18. Nh4 Bg6 1/2-1/2

[Event "Bodensee Cup 2017"]
[Site "Kreuzlingen"]
[Date "2017.05.06"]
[Round "2.2"]
[White "Heidenfeld, Mark"]
[Black "Karrer, Damian"]
[Result "1-0"]
[WhiteElo "2345"]
[BlackElo "2211"]
[PlyCount "75"]
[EventDate "2017.05.??"]
[EventType "team"]
[EventRounds "3"]
[EventCountry "SUI"]
[WhiteTeam "Württemberg 2"]
[BlackTeam "Bodan+ 1"]

1. e4 c5 2. Nf3 e6 3. d4 cxd4 4. Nxd4 a6 5. c4 Nf6 6. Nc3 Bb4 7. Bd3 Nc6 8. Nc2
Bxc3+ 9. bxc3 d6 10. O-O Qc7 11. Ba3 O-O 12. e5 dxe5 13. Bxf8 Kxf8 14. Re1 b6
15. Qe2 Bb7 16. Rad1 g6 17. f3 Nh5 18. Be4 Nf4 19. Qe3 f6 20. Rb1 Na5 21. Qxb6
Qxb6+ 22. Rxb6 Bxe4 23. Rxe4 f5 24. Re1 Nxc4 25. Rc6 Nb2 26. Rb1 Rd8 27. g3
Nh3+ 28. Kg2 Rd2+ 29. Kxh3 Rxc2 30. Rc7 e4 31. fxe4 fxe4 32. Rf1+ Kg8 33. Rff7
e3 34. Rg7+ Kf8 35. Rxh7 Kg8 36. Rhe7 Kf8 37. Red7 Ke8 38. Rh7 1-0

[Event "Bodensee Cup 2017"]
[Site "Kreuzlingen"]
[Date "2017.05.06"]
[Round "2.3"]
[White "Schmid, Michael"]
[Black "Braun, Georg"]
[Result "1/2-1/2"]
[WhiteElo "2194"]
[BlackElo "2283"]
[PlyCount "89"]
[EventDate "2017.05.??"]
[EventType "team"]
[EventRounds "3"]
[EventCountry "SUI"]
[WhiteTeam "Bodan+ 1"]
[BlackTeam "Württemberg 2"]

1. Nf3 c5 2. g3 Nc6 3. Bg2 g6 4. d3 Bg7 5. e4 d6 6. O-O e5 7. Nc3 Nge7 8. Be3
O-O 9. Nh4 Be6 10. h3 Nd4 11. f4 exf4 12. gxf4 f5 13. Qd2 Qd7 14. Kh2 Rae8 15.
Nd1 b6 16. c3 Ndc6 17. Nf3 fxe4 18. dxe4 d5 19. Ng5 dxe4 20. Bxe4 Qxd2+ 21.
Bxd2 Bd5 22. Ne3 Bxe4 23. Nxe4 Nd5 24. Nxd5 Rxe4 25. Rae1 Ra4 26. Bc1 Rxa2 27.
Re6 Nd8 28. Re7 Nc6 29. Rc7 Ne5 30. Rd1 Ra1 31. Rxg7+ Kxg7 32. fxe5 Rd8 33. c4
Kf7 34. e6+ Kxe6 35. Nc7+ Kf5 36. Rxd8 Rxc1 37. Rd2 Rxc4 38. Nb5 Ra4 39. Kg3 h5
40. Rd5+ Ke6 41. Rd2 Ke5 42. Re2+ Kf6 43. Rd2 Ke5 44. Re2+ Kf6 45. Rd2 1/2-1/2

[Event "Bodensee Cup 2017"]
[Site "Kreuzlingen"]
[Date "2017.05.06"]
[Round "2.4"]
[White "Ruf, Matthias"]
[Black "Mira, Helene"]
[Result "1/2-1/2"]
[WhiteElo "2350"]
[BlackElo "2055"]
[PlyCount "69"]
[EventDate "2017.05.??"]
[EventType "team"]
[EventRounds "3"]
[EventCountry "SUI"]
[WhiteTeam "Württemberg 2"]
[BlackTeam "Bodan+ 1"]

1. e4 e5 2. Nf3 Nc6 3. Bb5 a6 4. Bxc6 dxc6 5. O-O Be6 6. Nc3 f6 7. d4 exd4 8.
Nxd4 Bc4 9. Re1 c5 10. Nf5 Qxd1 11. Rxd1 g6 12. Ne3 Bf7 13. a4 Bd6 14. Ned5
O-O-O 15. a5 c6 16. Nb6+ Kc7 17. Be3 Ne7 18. f4 Nc8 19. Nba4 c4 20. g3 Be7 21.
Nc5 Rxd1+ 22. Rxd1 Rd8 23. Rxd8 Bxd8 24. N3a4 Nd6 25. h4 Kc8 26. Nb6+ Bxb6 27.
axb6 f5 28. exf5 Nxf5 29. Kf2 h5 30. c3 Bd5 31. Bd4 Nd6 32. Ke3 Nf5+ 33. Kf2
Nd6 34. Ke3 Nf5+ 35. Kf2 1/2-1/2

[Event "Bodensee Cup 2017"]
[Site "Kreuzlingen"]
[Date "2017.05.05"]
[Round "1.4"]
[White "Misanovic, Vesna"]
[Black "Marentini, Marcel"]
[Result "1-0"]
[WhiteElo "2285"]
[BlackElo "2023"]
[PlyCount "69"]
[EventDate "2017.05.??"]
[EventType "team"]
[EventRounds "3"]
[EventCountry "SUI"]
[WhiteTeam "Württemberg 1"]
[BlackTeam "Bodan+ 2"]

1. d4 e6 2. c4 Nf6 3. Nc3 d5 4. Bg5 Be7 5. e3 O-O 6. Nf3 h6 7. Bh4 Ne4 8. Bxe7
Qxe7 9. Nxe4 dxe4 10. Nd2 e5 11. d5 f5 12. Be2 a5 13. O-O Nd7 14. Qc2 Nc5 15.
b3 Bd7 16. a3 b6 17. Rab1 f4 18. b4 axb4 19. axb4 Ba4 20. Qc3 f3 21. bxc5 Qg5
22. Bxf3 exf3 23. Nxf3 Rxf3 24. cxb6 cxb6 25. Rxb6 Bd7 26. h4 Qxh4 27. Qxe5 Rf5
28. Qd4 Qh5 29. Rb7 Rf7 30. c5 Raf8 31. c6 Bc8 32. Rxf7 Qxf7 33. d6 Qf5 34. e4
Qe6 35. Rd1 1-0

[Event "Bodensee Cup 2017"]
[Site "Kreuzlingen"]
[Date "2017.05.07"]
[Round "3.1"]
[White "Kvetny, Mark"]
[Black "Kurmann, Oliver"]
[Result "1/2-1/2"]
[WhiteElo "2410"]
[BlackElo "2471"]
[PlyCount "20"]
[EventDate "2017.05.??"]
[EventType "team"]
[EventRounds "3"]
[EventCountry "SUI"]
[WhiteTeam "Württemberg 1"]
[BlackTeam "Schweiz 2"]

1. c4 e5 2. Nc3 Bb4 3. Nd5 Bc5 4. e3 Nf6 5. b4 Nxd5 6. bxc5 Nf6 7. Nf3 Qe7 8.
Bb2 Nc6 9. d4 exd4 10. Nxd4 Qxc5 1/2-1/2

[Event "Bodensee Cup 2017"]
[Site "Kreuzlingen"]
[Date "2017.05.07"]
[Round "3.2"]
[White "Moor, Roger"]
[Black "Gheng, Josef"]
[Result "1-0"]
[WhiteElo "2394"]
[BlackElo "2325"]
[PlyCount "161"]
[EventDate "2017.05.??"]
[EventType "team"]
[EventRounds "3"]
[EventCountry "SUI"]
[WhiteTeam "Schweiz 2"]
[BlackTeam "Württemberg 1"]

1. c4 e6 2. g3 d5 3. Bg2 Nf6 4. Nf3 Be7 5. O-O O-O 6. d4 b6 7. cxd5 exd5 8. Nc3
Bb7 9. Ne5 h6 10. Qa4 a6 11. b4 b5 12. Qb3 a5 13. bxa5 c6 14. a4 Qxa5 15. Bd2
b4 16. Na2 Na6 17. Nd3 Rab8 18. Bf4 Nd7 19. Bxb8 Rxb8 20. Rab1 Ba8 21. Rfc1 Nb6
22. Ne5 c5 23. dxc5 Bxc5 24. Qf3 f6 25. Nd3 Bf8 26. Bh3 Qxa4 27. Be6+ Kh8 28.
Qf5 Bd6 29. Naxb4 Nc7 30. Nc2 Qe4 31. Nf4 Bxf4 32. Qxf4 Qxf4 33. gxf4 Nxe6 34.
f5 Nf8 35. Nd4 Nfd7 36. Rc7 Kg8 37. Ra1 Kf7 38. Ra3 Rb7 39. Rc1 Ne5 40. Rb3
Nbc4 41. Rg3 Nd6 42. Ra1 Rb8 43. Ra7+ Bb7 44. Rb3 g6 45. f4 Nec4 46. Nc6 Re8
47. Rbxb7+ Nxb7 48. Rxb7+ Kf8 49. fxg6 Rxe2 50. Rf7+ Ke8 51. Rxf6 Ne3 52. Nd4
Re1+ 53. Kf2 Ng4+ 54. Kxe1 Nxf6 55. Ke2 Ng8 56. Nf5 Kd7 57. h4 Ke6 58. Nd4+ Kf6
59. h5 Ne7 60. Kf3 Nc8 61. Nc2 Nd6 62. Ne3 d4 63. Nf1 d3 64. Ke3 Ne8 65. Ng3
Ng7 66. Kxd3 Ke6 67. Ke4 Ne8 68. f5+ Ke7 69. Ke5 Nf6 70. Ne4 Nd7+ 71. Kf4 Nb6
72. f6+ Ke6 73. g7 Nd5+ 74. Kg4 Kf7 75. Kf5 Ne3+ 76. Kf4 Nc4 77. Kf5 Ne3+ 78.
Ke5 Nc4+ 79. Kd4 Na5 80. Nd6+ Kg8 81. Nf5 1-0

[Event "Bodensee Cup 2017"]
[Site "Kreuzlingen"]
[Date "2017.05.07"]
[Round "3.3"]
[White "Schnepp, Gunnar"]
[Black "Colmenares, Aurelio"]
[Result "0-1"]
[WhiteElo "2349"]
[BlackElo "2387"]
[PlyCount "120"]
[EventDate "2017.05.??"]
[EventType "team"]
[EventRounds "3"]
[EventCountry "SUI"]
[WhiteTeam "Württemberg 1"]
[BlackTeam "Schweiz 2"]

1. d4 d5 2. c4 c6 3. Nc3 Nf6 4. e3 e6 5. Nf3 Nbd7 6. Bd3 dxc4 7. Bxc4 b5 8. Bd3
Bb7 9. O-O Bd6 10. Qe2 O-O 11. e4 e5 12. dxe5 Nxe5 13. Nxe5 Bxe5 14. f4 Bd4+
15. Kh1 Bxc3 16. bxc3 c5 17. Ba3 c4 18. Bc2 Re8 19. e5 Qb6 20. Rae1 Rad8 21.
Bb1 Nd5 22. Qc2 g6 23. Bc1 f5 24. a4 a6 25. Bd2 Qc6 26. axb5 axb5 27. Rf3 Qe6
28. Rff1 Qd7 29. Bc1 Qc6 30. Re2 Re6 31. h3 Rde8 32. Ref2 Qc5 33. Qd2 Ra6 34.
Kh2 Ra1 35. Bb2 Raa8 36. Bc1 Rad8 37. Qb2 Bc6 38. Rf3 Rb8 39. Rg3 Kf7 40. Qd2
Rbd8 41. Qc2 Ra8 42. Qe2 Bd7 43. Qf3 Be6 44. Bb2 Red8 45. Bc1 Qa7 46. Qe2 Qa1
47. Bb2 Qa5 48. Rgf3 Rd7 49. Qe1 Qd8 50. R3f2 Qh4 51. g3 Qe7 52. g4 Qh4 53.
gxf5 gxf5 54. Qe2 Rg8 55. Qf3 Rdd8 56. Rg1 Rxg1 57. Kxg1 Nxf4 58. Bxf5 Bxf5 59.
e6+ Kf6 60. e7 Rg8+ {restliche Züge unleserlich. 0-1 nach dem 62.Zug.} 0-1

[Event "Bodensee Cup 2017"]
[Site "Kreuzlingen"]
[Date "2017.05.07"]
[Round "3.4"]
[White "Baenziger, Fabian"]
[Black "Misanovic, Vesna"]
[Result "1-0"]
[WhiteElo "2339"]
[BlackElo "2285"]
[PlyCount "45"]
[EventDate "2017.05.??"]
[EventType "team"]
[EventRounds "3"]
[EventCountry "SUI"]
[WhiteTeam "Schweiz 2"]
[BlackTeam "Württemberg 1"]

1. e4 e5 2. Nf3 Nc6 3. Bc4 Nf6 4. d3 Be7 5. O-O h6 6. Re1 d6 7. a4 Bg4 8. c3
Qd7 9. a5 a6 10. Nbd2 O-O 11. h3 Be6 12. Bb3 Nh7 13. Ba4 f5 14. d4 fxe4 15.
Nxe4 exd4 16. Nxd4 Bd5 17. c4 Bxe4 18. Rxe4 Ng5 19. Bxg5 Bxg5 20. Ne6 Rf5 21.
f4 Bf6 22. Qd2 Rxa5 23. Qxa5 1-0

[Event "Bodensee Cup 2017"]
[Site "Kreuzlingen"]
[Date "2017.05.07"]
[Round "3.5"]
[White "Maj, Kornel"]
[Black "Georgescu, Lena"]
[Result "1/2-1/2"]
[WhiteElo "2113"]
[BlackElo "2281"]
[PlyCount "88"]
[EventDate "2017.05.??"]
[EventType "team"]
[EventRounds "3"]
[EventCountry "SUI"]
[WhiteTeam "Württemberg 1"]
[BlackTeam "Schweiz 2"]

1. e4 c5 2. Nf3 e6 3. d4 cxd4 4. Nxd4 Nf6 5. Nc3 Nc6 6. Nxc6 bxc6 7. e5 Nd5 8.
Ne4 Bb7 9. c4 Nb4 10. c5 Qb8 11. f4 Ba6 12. a3 Bxf1 13. Rxf1 Nd5 14. Qd4 f5 15.
exf6 gxf6 16. Nc3 Bg7 17. Nxd5 cxd5 18. f5 O-O 19. Bf4 Qb3 20. Rf3 Qc2 21. fxe6
dxe6 22. Kf1 e5 23. Qxd5+ Kh8 24. Rf2 Qa4 25. Be3 Rad8 26. Qf3 f5 27. Bg5 e4
28. Qh5 Rde8 29. Rc1 f4 30. Qd1 Qc6 31. Qd6 Qb5+ 32. Kg1 e3 33. Rff1 Qxb2 34.
Be7 Rf7 35. Rb1 Qe5 36. Qxe5 Bxe5 37. Bd6 Bd4 38. Rfc1 e2+ 39. Kh1 Bc3 40. c6
Ba5 41. Bb4 Bb6 42. a4 f3 43. gxf3 Rxf3 44. a5 Bc7 1/2-1/2

[Event "Bodensee Cup 2017"]
[Site "Kreuzlingen"]
[Date "2017.05.07"]
[Round "3.1"]
[White "Georgiadis, Nico"]
[Black "Braeuning, Rudolf"]
[Result "1-0"]
[WhiteElo "2472"]
[BlackElo "2338"]
[PlyCount "81"]
[EventDate "2017.05.??"]
[EventType "team"]
[EventRounds "3"]
[EventCountry "SUI"]
[WhiteTeam "Schweiz 1"]
[BlackTeam "Württemberg 2"]

1. e4 g6 2. d4 Bg7 3. Nc3 d6 4. Be3 a6 5. Qd2 b5 6. h4 Bb7 7. h5 gxh5 8. f3 Nd7
9. O-O-O b4 10. Nce2 c5 11. Ng3 Qa5 12. Kb1 cxd4 13. Bxd4 Bxd4 14. Qxd4 Ngf6
15. Nxh5 O-O-O 16. Nxf6 Nxf6 17. Nh3 Kb8 18. Bc4 d5 19. exd5 Nxd5 20. Bxd5 Bxd5
21. Qe5+ Ka8 22. b3 e6 23. Nf4 Qb5 24. Nxd5 exd5 25. Qf6 Rc8 26. Qxf7 Rhd8 27.
Rxh7 Qb6 28. Qf5 d4 29. Rd3 Rc6 30. Qe4 Kb8 31. Qe5+ Ka8 32. Qe4 Kb8 33. Re7
Rcc8 34. Qf4+ Ka8 35. Qe4+ Kb8 36. Qf4+ Ka8 37. Re4 Qc5 38. Qd2 Rh8 39. Rdxd4
Rh1+ 40. Kb2 Qa5 41. Rxb4 1-0

[Event "Bodensee Cup 2017"]
[Site "Kreuzlingen"]
[Date "2017.05.07"]
[Round "3.2"]
[White "Heidenfeld, Mark"]
[Black "Jenni, Florian"]
[Result "1/2-1/2"]
[WhiteElo "2345"]
[BlackElo "2474"]
[PlyCount "35"]
[EventDate "2017.05.??"]
[EventType "team"]
[EventRounds "3"]
[EventCountry "SUI"]
[WhiteTeam "Württemberg 2"]
[BlackTeam "Schweiz 1"]

1. e4 e5 2. Nf3 Nc6 3. c3 Nf6 4. d4 Nxe4 5. d5 Nb8 6. Bd3 Nc5 7. Nxe5 Nxd3+ 8.
Qxd3 d6 9. Nf3 Be7 10. O-O O-O 11. h3 Nd7 12. Re1 Nc5 13. Qc2 Bd7 14. Be3 Re8
15. Nbd2 g6 16. Ne4 Bf5 17. Bxc5 dxc5 18. Qd2 1/2-1/2

[Event "Bodensee Cup 2017"]
[Site "Kreuzlingen"]
[Date "2017.05.07"]
[Round "3.3"]
[White "Gaehwiler, Gabriel"]
[Black "Braun, Georg"]
[Result "1/2-1/2"]
[WhiteElo "2409"]
[BlackElo "2283"]
[PlyCount "53"]
[EventDate "2017.05.??"]
[EventType "team"]
[EventRounds "3"]
[EventCountry "SUI"]
[WhiteTeam "Schweiz 1"]
[BlackTeam "Württemberg 2"]

1. Nf3 Nf6 2. d4 g6 3. c4 c5 4. g3 cxd4 5. Nxd4 Nc6 6. Bg2 Qb6 7. Nc2 d6 8. O-O
Bg7 9. Nc3 O-O 10. b3 Qd8 11. Bb2 Be6 12. Nd5 Nxd5 13. Bxg7 Ne3 14. Nxe3 Kxg7
15. Nd5 Bxd5 16. Bxd5 Qb6 17. Qd2 a5 18. Qc3+ Qd4 19. Qxd4+ Nxd4 20. e3 Nc6 21.
c5 dxc5 22. Rfc1 a4 23. Rxc5 axb3 24. Bxb3 Rfd8 25. Rb5 Ra7 26. Rc1 e6 27. Rb6
1/2-1/2

[Event "Bodensee Cup 2017"]
[Site "Kreuzlingen"]
[Date "2017.05.07"]
[Round "3.4"]
[White "Ruf, Matthias"]
[Black "Nuri, Kambez"]
[Result "1-0"]
[WhiteElo "2350"]
[BlackElo "2263"]
[PlyCount "81"]
[EventDate "2017.05.??"]
[EventType "team"]
[EventRounds "3"]
[EventCountry "SUI"]
[WhiteTeam "Württemberg 2"]
[BlackTeam "Schweiz 1"]

1. c4 Nf6 2. g3 g6 3. Bg2 Bg7 4. d4 O-O 5. Nc3 d6 6. Nf3 Nbd7 7. O-O e5 8. e4
c6 9. h3 exd4 10. Nxd4 Nc5 11. Be3 Re8 12. Qc2 Qe7 13. Rfe1 a5 14. Rad1 h5 15.
Bg5 Qf8 16. b3 Nh7 17. Be3 Qe7 18. Qd2 Bd7 19. Nde2 Be6 20. Qxd6 Qxd6 21. Rxd6
Na6 22. Red1 Nb4 23. R6d2 Bf6 24. Bb6 Ng5 25. f4 Nh7 26. Na4 Nf8 27. e5 Be7 28.
Nd4 Bc8 29. a3 Na6 30. c5 Nd7 31. Nxc6 bxc6 32. Rxd7 Bxd7 33. Rxd7 Nb8 34. Rc7
Kf8 35. Bxc6 Nxc6 36. Rxc6 Bd8 37. Kf2 Bxb6 38. cxb6 Rab8 39. Nc5 Red8 40. Ke3
Ke8 41. b7 1-0

[Event "Bodensee Cup 2017"]
[Site "Kreuzlingen"]
[Date "2017.05.07"]
[Round "3.5"]
[White "Dill, Xaver"]
[Black "Schallner, Marc"]
[Result "1/2-1/2"]
[WhiteElo "2080"]
[BlackElo "1993"]
[PlyCount "56"]
[EventDate "2017.05.??"]
[EventType "team"]
[EventRounds "3"]
[EventCountry "SUI"]
[WhiteTeam "Schweiz 1"]
[BlackTeam "Württemberg 2"]

1. d4 d5 2. c4 c6 3. Nf3 Nf6 4. Nc3 dxc4 5. a4 Bf5 6. Ne5 Nbd7 7. Nxc4 Nb6 8.
Ne5 a5 9. h4 e6 10. f3 h5 11. e4 Bh7 12. Kf2 Be7 13. g3 O-O 14. Be3 Nfd7 15.
Nd3 Nc4 16. Bc1 Ndb6 17. Nf4 e5 18. dxe5 Bc5+ 19. Kg2 Qxd1 20. Nxd1 Nxe5 21. b3
Rad8 22. Be2 Bd4 23. Ra2 Nbd7 24. Bd2 b6 25. Ne3 Nc5 26. Rb1 Nxe4 27. Rd1 Nxd2
28. Raxd2 c5 1/2-1/2

[Event "Bodensee Cup 2017"]
[Site "Kreuzlingen"]
[Date "2017.05.07"]
[Round "3.1"]
[White "Kuehn, Peter"]
[Black "Weindl, Alfred"]
[Result "1/2-1/2"]
[WhiteElo "2358"]
[BlackElo "2328"]
[PlyCount "27"]
[EventDate "2017.05.??"]
[EventType "team"]
[EventRounds "3"]
[EventCountry "SUI"]
[WhiteTeam "Bodan+ 1"]
[BlackTeam "Bodan+ 2"]

1. c4 c5 2. Nc3 Nc6 3. g3 g6 4. Bg2 Bg7 5. Nf3 e6 6. O-O Nge7 7. a3 O-O 8. Rb1
d5 9. d3 b6 10. Qc2 Bb7 11. e3 Rc8 12. b3 Ba8 13. Bb2 Qd7 14. Ne2 1/2-1/2

[Event "Bodensee Cup 2017"]
[Site "Kreuzlingen"]
[Date "2017.05.07"]
[Round "3.2"]
[White "Knoedler, Dieter"]
[Black "Karrer, Damian"]
[Result "1/2-1/2"]
[WhiteElo "2308"]
[BlackElo "2211"]
[PlyCount "25"]
[EventDate "2017.05.??"]
[EventType "team"]
[EventRounds "3"]
[EventCountry "SUI"]
[WhiteTeam "Bodan+ 2"]
[BlackTeam "Bodan+ 1"]

1. c4 e5 2. g3 Nf6 3. Bg2 c6 4. d4 exd4 5. Qxd4 d5 6. Nf3 Be6 7. O-O dxc4 8.
Qxd8+ Kxd8 9. Ng5 Nbd7 10. Nxe6+ fxe6 11. Rd1 Ke8 12. a4 Bb4 13. a5 1/2-1/2

[Event "Bodensee Cup 2017"]
[Site "Kreuzlingen"]
[Date "2017.05.07"]
[Round "3.3"]
[White "Schmid, Michael"]
[Black "Leutwyler, Martin"]
[Result "1/2-1/2"]
[WhiteElo "2194"]
[BlackElo "2183"]
[PlyCount "33"]
[EventDate "2017.05.??"]
[EventType "team"]
[EventRounds "3"]
[EventCountry "SUI"]
[WhiteTeam "Bodan+ 1"]
[BlackTeam "Bodan+ 2"]

1. Nf3 d5 2. g3 c6 3. Bg2 Bg4 4. d3 Nd7 5. Nbd2 Ngf6 6. h3 Bh5 7. O-O e5 8. e4
dxe4 9. dxe4 Bc5 10. Qe1 O-O 11. a4 a5 12. Nc4 Re8 13. Bd2 b6 14. Nh4 Qc7 15.
Nf5 Bg6 16. Nh4 Bh5 17. Nf5 1/2-1/2

[Event "Bodensee Cup 2017"]
[Site "Kreuzlingen"]
[Date "2017.05.07"]
[Round "3.4"]
[White "Marentini, Marcel"]
[Black "Angst, Oliver"]
[Result "1-0"]
[WhiteElo "2023"]
[BlackElo "1945"]
[PlyCount "109"]
[EventDate "2017.05.??"]
[EventType "team"]
[EventRounds "3"]
[EventCountry "SUI"]
[WhiteTeam "Bodan+ 2"]
[BlackTeam "Bodan+ 1"]

1. Nf3 d5 2. g3 Nf6 3. Bg2 Bf5 4. c4 c6 5. cxd5 cxd5 6. Nc3 Nc6 7. Qb3 Na5 8.
Qa4+ Bd7 9. Qd1 e6 10. O-O Bd6 11. d3 Nc6 12. Bg5 Be7 13. Bf4 O-O 14. e4 d4 15.
Ne2 Qb6 16. Ne5 Rfd8 17. Nc4 Qa6 18. a4 b6 19. Qb3 Rac8 20. h3 Nh5 21. Bd2 e5
22. Rfc1 Rb8 23. Qb5 Qb7 24. Nxe5 a6 25. Qd5 Be8 26. Nxc6 Rxd5 27. exd5 Bxc6
28. dxc6 Qc7 29. Nf4 Nf6 30. Nd5 Nxd5 31. Bxd5 Bd6 32. Kg2 h6 33. Re1 Kf8 34.
Bf3 Re8 35. b4 Rxe1 36. Rxe1 Qd8 37. b5 a5 38. Re4 Bc7 39. Bc1 f6 40. Bh5 g6
41. Ba3+ Kg8 42. Be7 Qd5 43. Bf3 f5 44. Re2 Qb3 45. Bf6 Kf7 46. Bxd4 Qxa4 47.
Bd5+ Kf8 48. Bc4 Qd1 49. Re6 f4 50. gxf4 Qh5 51. Be5 Bd8 52. c7 Bxc7 53. Bxc7
g5 54. f5 g4 55. Rg6 1-0

[Event "Bodensee Cup 2017"]
[Site "Kreuzlingen"]
[Date "2017.05.07"]
[Round "3.5"]
[White "Mira, Helene"]
[Black "Krebs, Samuel"]
[Result "1/2-1/2"]
[WhiteElo "2055"]
[BlackElo "2034"]
[PlyCount "83"]
[EventDate "2017.05.??"]
[EventType "team"]
[EventRounds "3"]
[EventCountry "SUI"]
[WhiteTeam "Bodan+ 1"]
[BlackTeam "Bodan+ 2"]

1. Nf3 d5 2. d4 Nf6 3. c4 c6 4. Nc3 dxc4 5. a4 Bf5 6. e3 e6 7. Bxc4 Bb4 8. O-O
O-O 9. Qe2 Nbd7 10. e4 Bg6 11. e5 Nd5 12. Nxd5 cxd5 13. Bd3 Bxd3 14. Qxd3 Be7
15. Be3 Nb8 16. Nd2 Nc6 17. f4 f5 18. exf6 Bxf6 19. Nb3 Be7 20. f5 Nb4 21. Qe2
Rxf5 22. Rxf5 exf5 23. Nc5 Bxc5 24. dxc5 Nc6 25. Qd3 Qd7 26. Rd1 d4 27. Bf2 Qd5
28. Qb5 Rd8 29. Qxb7 d3 30. Qc7 Qb3 31. Rd2 Qc4 32. Be3 Qxa4 33. h3 Qe4 34. Qf4
Qxf4 35. Bxf4 Rd5 36. Kf2 Na5 37. b4 Nc4 38. c6 Nb6 39. c7 Rd7 40. Ke3 Nc4+ 41.
Kf2 Nb6 42. Ke3 1/2-1/2